00755nam a22002057a 450000500170000001000150001702000260003203500140005803700090007208200060008110000270008724500490011425000060016326000480016927001210021730000210033894200200035999900190037995201510039820260514111719.0 aENG-148484 a9789393757920c250.00 aEN-132016 bDBAD aS aSharma, Amrita 989085 aWhy Did I Ever Get Married?/cAmrita Sharma, a1 bVishwakarma Publicationsc2023aMaharashtra a34A/1, Suyog Center, 7th floor, Gultekedi Marketyard Road, Giridhar Bhavan Chowk, e411037bPuneminfo@vpindia.co.in a167p.c21cm (pb) 2ddccENhSmSHA c216167d216167 001040708FICaKGMbKGMd2026-05-14eDelivery of Books Act Divisiong250.00l0oS SHApEN-132016r2026-05-14 11:17:44t1v250.00w2026-05-14yEN